Kontajnerizácia video-streamovacej služby
Uložené v:
| Hlavný autor: | |
|---|---|
| Ďalší autori: | |
| Médium: | Rukopis Kniha |
| Jazyk: | Slovak |
| Vydavateľské údaje: |
2022
|
| Predmet: | |
| On-line prístup: | http://is.stuba.sk/zp/portal_zp.pl?podrobnosti=155209 |
| Tagy: |
Žiadne tagy, Buďte prvý, kto otaguje tento záznam!
|
MARC
| LEADER | 00000ntm a22000003a 4500 | ||
|---|---|---|---|
| 001 | stuzp88114 | ||
| 003 | SK-STU | ||
| 005 | 20220625211112.6 | ||
| 007 | ta | ||
| 008 | 150427s2015----xo-----f-mn---000-0-slo-d | ||
| 040 | |a STU |b slo | ||
| 041 | 0 | |a slo | |
| 100 | 1 | |a Vidiečan, Matúš |u 070200 |4 aut |U FIIT Fakulta informatiky a informačných technológií |T FIIT Ústav informatiky, informačných systémov a softvérového inžinierstva |X 103176 |U I200 |Y 179 |7 103176 | |
| 242 | 0 | 1 | |a Container-based video streaming service |y eng |
| 245 | 1 | 0 | |a Kontajnerizácia video-streamovacej služby |
| 260 | |c 2022 | ||
| 650 | 4 | |a mikroslužby |2 slo | |
| 650 | 4 | |a kontajnerizácia |2 slo | |
| 650 | 4 | |a Kubernetes |2 slo | |
| 650 | 4 | |a video |2 slo | |
| 650 | 4 | |a streamovanie |2 slo | |
| 650 | 4 | |a microservices |2 eng | |
| 650 | 4 | |a Kubernetes |2 eng | |
| 650 | 4 | |a video |2 eng | |
| 650 | 4 | |a containerisation |2 eng | |
| 650 | 4 | |a streaming |2 eng | |
| 700 | 1 | |a Bobák, Martin |u 070200 |k Z8 |4 ths |U FIIT Fakulta informatiky a informačných technológií |T FIIT Ústav informatiky, informačných systémov a softvérového inžinierstva |X 65408 |U I200 |Y 179 |7 65408 | |
| 856 | 4 | |u http://is.stuba.sk/zp/portal_zp.pl?podrobnosti=155209 | |